00557 2200205 4500001002100000005001700021008004100038035002400079040001200103082001000115090001700125100001700142245006300159260002600222300001900248500002700267650003400294850001200328990001100340YOGYA-0712000000035020120725231527.0 eng  0010-071200000000350 aYOPDYOG a823.9 a823.9bHor R aHORNUNG, E W aRaffles the amateur craeksman the black maskcE.W. Hornung aLondonbCollingc1955 a255 hlmc18 cm aBibliografi : hlm. 255 aKesusastraan Inggris - Cerita aYOPDYOG a4857-b